La sociedad se mira en el espejo (Registro nro. 18256)

Detalles MARC
000 -LEADER
fixed length control field 00366 a2200121 4500
001 - CONTROL NUMBER
control field ART_15606
005 - DATE AND TIME OF LATEST TRANSACTION
control field 20260410161735.0
008 - FIXED-LENGTH DATA ELEMENTS--GENERAL INFORMATION
fixed length control field 260409a
100 1# - MAIN ENTRY--PERSONAL NAME
Personal name Dagnino Pastore, José María
245 10 - TITLE STATEMENT
Title La sociedad se mira en el espejo
700 1# - ADDED ENTRY--PERSONAL NAME
Personal name Floria, Carlos A.
773 0# - HOST ITEM ENTRY
Title Ejecutivos de finanzas
Related parts - Año 9, Nº 79 (nov. 1991)
Record control number REV2863

No hay ítems disponibles.